03892nam a22004337a 45000010009000000050017000090080041000260100017000670150019000840160018001030200028001210200031001490200028001800200031002080200044002390200037002830350024003200400028003440420014003720500016003861000032004022450073004342640056005072640011005633000045005743360026006193360033006453370028006783380027007065040067007335051172008005201256019726500029032286500027032576500031032846500055033156500053033707760035034232192157320231101100746.0231101b |||||||| |||| 00| 0 eng d a 2021934189 aGBC1E90452bnb7 a0203216132Uk a1526464063q(paperback) a9781526464064q(paperback) a1526464055q(hardcover) a9781526464057q(hardcover) z9781529770315q(electronic publication) z9781529770308q(electronic book) a(OCoLC)on1249800447 aYDXbengcKMUerdadKMU alccopycat00aH 61.28 Fli1 aFlick, Uwe,d1956-eauthor.10aDoing interview research :bthe essential how to guide /cUwe Flick. 1aLondon ;aLos Angeles :bSage Publications,c[2022] 4c©2022 axxi, 421 pages :billustrations ;c25 cm atextbtxt2rdacontent astill imagebsti2rdacontent aunmediatedbn2rdamedia avolumebnc2rdacarrier aIncludes bibliographical references (pages 388-410) and index.00gI.tHow to understand interview research.g1.tWhat doing interview research means --g2.tTheories and epistemologies of interviewing --g3.tWhen to choose interviews as a research method --g4.tMethods and formats of interviewing --gII.tDesigning interview research.g5.tPlanning and designing interview research --g6.tHow many interviewees? Sampling and saturation --g7.tAccessing and recruiting participants --gIII.tHow to conduct interviews.g8.tHow to respect and protect: ethics of interviewing --g9.tSemi-structured interviews: working with questions and answers --g10.tInterviewing experts and elites --g11.tIntegrating narratives in interviews: episodic interviews --gIV.tDoing interviews in contexts.g12.tHow to work with life histories: narrative interviews --g13.tWorking with focus groups as interviews --g14.tAsk (in) the field: ethnographic and mobile interviewing --g15.tDoing online interviews --gV.tHow to work with interview data.g16.tWorking with interview data --g17.tCredibility and transparency: quality and writing in interview research --g18.tFrom interviewing to an inner view: critiques and reflexivity. aIf you want to use interview methods in your research project but are not sure where to start, this book will get you up and running. With hands-on advice for every stage of the social research process, it helps you succeed in every step, from understanding interview research through to designing and conducting your study and working with data. The book: Discusses eight methods of interviewing in-depth, including semi-structured interviews, narrative interviews, focus groups and online interviews. Features over 75 case studies of real interview research from across the globe, including Australia, Canada, Germany, Norway, the Philippines and South Africa. Spotlights strategies for conducting ethical, inclusive research, including indigenous research approaches. Packed not only with learning features - including learning objectives, checklists of questions to ask yourself at every stage of your project, practical exercises to help you put your learning into practice and further reading so you can broaden your knowledge - it is also supported by online resources such as annotated transcripts and videos of mock interviews to empower any social science student to use interview research methods with confidence. --cProvided by publisher. 0aInterviewingxTechnique. 0aResearchxMethodology. 6aRecherchexMéthodologie. 7aInterviewingxTechnique.2fast0(OCoLC)fst00977613 7aResearchxMethodology.2fast0(OCoLC)fst0109521608iEbook version :z9781529770315